Weltfußballer des Jahres - Statistiken

Allgemein
  • Dieses Quiz wurde 332 mal gespielt
  • Das Durchschnittsergebnis liegt bei 36 aus 64
Antwortstatistiken
Jahr Name Nationalität % Korrekt
2008 Cristiano Ronaldo Portugal
99%
2013 Cristiano Ronaldo Portugal
99%
2014 Cristiano Ronaldo Portugal
99%
2016 Cristiano Ronaldo Portugal
99%
2017 Cristiano Ronaldo Portugal
99%
2009 Lionel Messi Argentinien
99%
2010 Lionel Messi Argentinien
99%
2011 Lionel Messi Argentinien
99%
2012 Lionel Messi Argentinien
99%
2015 Lionel Messi Argentinien
99%
2019 Lionel Messi Argentinien
99%
1997 Ronaldo Brasilien
99%
2002 Ronaldo Brasilien
99%
2018 Luka Modric Kroatien
93%
2005 Ronaldinho Brasilien
84%
1998 Zinedine Zidane Frankreich
84%
1990 Lothar Matthäus Deutschland
81%
1972 Franz Beckenbauer Deutschland
78%
1976 Franz Beckenbauer Deutschland
78%
2007 Kaka Brasilien
78%
1970 Gerd Müller Deutschland
73%
2000 Luis Figo Portugal
70%
2006 Fabio Cannavaro Italien
68%
2003 Pavel Nedved Tschechien
68%
1971 Johan Cruyff Niederlande
64%
1973 Johan Cruyff Niederlande
64%
1974 Johan Cruyff Niederlande
64%
1988 Marco van Basten Niederlande
64%
1989 Marco van Basten Niederlande
64%
1992 Marco van Basten Niederlande
64%
1995 George Weah Liberia
61%
1999 Rivaldo Brasilien
58%
1987 Ruud Gullit Niederlande
53%
1968 George Best Nordirland
52%
2001 Michael Owen England
51%
1983 Michel Platini Frankreich
51%
1984 Michel Platini Frankreich
51%
1985 Michel Platini Frankreich
51%
1996 Matthias Sammer Deutschland
50%
1980 Karl-Heinz Rummenigge Deutschland
48%
1981 Karl-Heinz Rummenigge Deutschland
48%
1965 Eusebio Portugal
47%
1993 Roberto Baggio Italien
45%
1957 Alfredo di Stefano Spanien
39%
1959 Alfredo di Stefano Spanien
39%
2004 Andrij Schewtschenko Ukraine
31%
1966 Bobby Charlton England
26%
1963 Lew Jaschin Sowjetunion
25%
1994 Christo Stoitschkow Bulgarien
21%
1978 Kevin Keegan England
20%
1979 Kevin Keegan England
20%
1982 Paolo Rossi Italien
19%
1991 Jean-Pierre Papin Frankreich
17%
1960 Luis Suarez Spanien
13%
1977 Allan Simonsen Dänemark
12%
1975 Oleh Blochin Sowjetunion
11%
1969 Gianni Rivera Italien
10%
1956 Stanley Matthews England
10%
1958 Raymond Kopa Frankreich
9%
1964 Dennis Law Schottland
8%
1967 Florian Albert Ungarn
8%
1962 Josef Masopust Tschechoslowakei
7%
1986 Igor Belanow Sowjetunion
6%
1961 Omar Sivori Italien
6%
Keine übereinstimmenden Quizze gefunden
Verteilung der Resultate
Anzahl Personen mit jedem Resultat
Perzentil nach korrekt beantworteten Fragen
Ihre Resultats-Entwicklung
Sie haben dieses Quiz noch nicht gespielt